|
|
|
|
| LEADER |
00000nam0a2200000 4500 |
| 001 |
314305 |
| 005 |
20231102002650.0 |
| 010 |
|
|
|b 3000 экз.
|
| 035 |
|
|
|a (RuTPU)RU\TPU\book\339716
|
| 090 |
|
|
|a 314305
|
| 100 |
|
|
|a 20160211d1925 m y0rusy50 ca
|
| 101 |
0 |
|
|a rus
|
| 102 |
|
|
|a RU
|
| 105 |
|
|
|a a z 000zy
|
| 200 |
1 |
|
|a К вопросу об индустриализации Сибири
|f РСФСР, Сибкрайсовнархоз ; авт. предисл. М. М. Лашевич ; под общей ред. А. Тамарина
|
| 210 |
|
|
|a Новониколаевск
|c Издание СИБЦУП`А ВСНХ
|d 1925
|
| 215 |
|
|
|a 91 с., [12] вкл. л.
|c ил.
|
| 316 |
|
|
|5 63413507: М-132803
|a На обложке и титульном листе владельческая подпись: "Бутаков"
|
| 317 |
|
|
|5 63413507: М-132803
|a Поступила в НТБ в 1970 г. в составе книжного собрания профессора ТПИ И. Н. Бутакова
|
| 606 |
1 |
|
|a Сибирь
|x История
|2 stltpush
|3 (RuTPU)RU\TPU\subj\67153
|9 83036
|
| 610 |
1 |
|
|a индустриализация
|
| 610 |
1 |
|
|a промышленность
|
| 610 |
1 |
|
|a управление
|
| 610 |
1 |
|
|a пятилетний план
|
| 610 |
1 |
|
|a владельческая надпись
|
| 610 |
1 |
|
|a библиотека И. Н. Бутакова
|
| 686 |
|
|
|a Т3(253)
|2 rubbk
|
| 702 |
|
1 |
|a Лашевич
|b М. М.
|4 080
|
| 702 |
|
1 |
|a Тамарин
|b А.
|4 340
|
| 712 |
0 |
1 |
|a РСФСР
|b Сибкрайсовнархоз
|
| 801 |
|
1 |
|a RU
|b 63413507
|c 20160211
|
| 801 |
|
2 |
|a RU
|b 63413507
|c 20190806
|g RCR
|
| 942 |
|
|
|c BK
|